00262nam a2200109Ia 4500001001700000008003700017010001100054650002300065650003600088650001500124700001300139IA_HD31 H36 2006220117s xx 000 0 und d a184551 aAdministración  aComportamiento organizacional  aManagement aJolliffe